01307nam a2200313 i 450000100060000000300080000600500170001400800390003102000170007003500190008704000320010604100080013808200250014624501020017126000540027330000240032750000640035150400410041552001400045665100420059665100320063865100390067065100300070970000320073974000510077194200120082299900170083495201420085127316BD-RjUL20211209051135.0140325s1979 nyu j b 001 0deng a0379161710 : a(BD-RjUL)27388 aDLCcDLCdDLCdBD-RjULbeng aeng00a975.500202bCHR 197900aChronology and documentary handbook of the State of Virginia /cEllen Lloyd Trover, State editor. aDobbs Ferry, N.Y. :bOceana Publications,cc1979. ax, 148 p. ;c24 cm. aCover title: Virginia, a chronology & documentary handbook. aBibliography: p. 145-146. and index. aA history of Virginia in chronological format with supporting documents, biographical outlines of prominent citizens, and a name index. 0aVirginiaxHistoryxChronology.983867 0aVirginiaxBiography.983868 0aVirginiaxHistoryxSources.983869 1aVirginiaxHistory.9838701 aTrover, Ellen Lloyd.983685 aVirginia, a chronology & documentary handbook. 2ddccBK c27316d27316 00102ddc40728NFICaRUCLbRUCLcReadingd1989-06-22eAsia foundationl0o975.500202 CHR 1979r2014-03-25 00:00:00tC-1w2014-03-25yBK